000 02266nam a22003497a 4500
005 20090825120337.0
008 090728t xxu||||| |||| 00| 0 pun d
010 _aPUN-6486 B-425745-749
020 _a9788171165421
_c170.00
035 _aPN-5604
035 _aB-425745-749
037 _bDBAD / PUB
037 _bK.K.Publications(Vendor)
040 _adpl
_bpn
082 _a
100 _aਸਾਕੀ.,ਐਸ
_924414
245 _aਰੰਡੀ ਦੀ ਧੀ /
_cਐਸ. ਸਾਕੀ
246 _aRandi di dhee
_bby S. Saki
260 _aਦਿੱਲੀ
_bਨੈਸ਼ਨਲ ਬੁੱਕ ਸ਼ਾਪ
_c2010
270 _aਪਲੱਈਅਰ ਗਾਰਡਨ ਮਾਰਕਿਟ, ਚਾਂਦਨੀ ਚੋਕ,
_bਦਿੱਲੀ
_k011-23264342, 64529291
_mnbs-bookshop@rediff mail.com.
_e110 006
300 4 _a135 ਸਫੇ
_c22 ਸੇਮੀ (ਸਜਿਲੱਦ)
650 _aਓਪਨਿਯਾਸ
_924411
650 _aNovel
_924412
942 _2ddc
_cPN
_h
_mਸਾਕੀਐ
999 _c48720
_d48720